| 000 | 004670000a22001930004500 | ||
|---|---|---|---|
| 001 | 003813 | ||
| 003 | MACL | ||
| 005 | 20150909125603.0 | ||
| 008 | 150909b xxu||||| |||| 00| 0 eng d | ||
| 040 |
_aMACL _cMACL |
||
| 041 | _aEnglish | ||
| 082 | _a820.01/MAI | ||
| 100 |
_aMaitra, Purnendu _99500 |
||
| 245 |
_aMusig Moments _cPurnendu Maitra |
||
| 260 |
_aKolkata _c2004 _bPoets Foundation, |
||
| 350 | _a60 | ||
| 650 |
_aLiterature _99501 |
||
| 942 |
_k820 _cBK _2ddc |
||
| 999 |
_c15706 _d15706 |
||